Library Banner

Social development in Pakistan (Record no. 69545)

MARC details
000 -LEADER
fixed length control field 00582nam a2200193Ia 4500
001 - CONTROL NUMBER
control field 66206
003 - CONTROL NUMBER IDENTIFIER
control field PK-LaUMT
005 - DATE AND TIME OF LATEST TRANSACTION
control field 20220805112728.0
008 - FIXED-LENGTH DATA ELEMENTS--GENERAL INFORMATION
fixed length control field 150404s9999 xx 000 0 und d
020 ## - INTERNATIONAL STANDARD BOOK NUMBER
International Standard Book Number 9789698407179
040 ## - CATALOGING SOURCE
Transcribing agency PK-LaUMT
082 ## - DEWEY DECIMAL CLASSIFICATION NUMBER
Classification number P 303.44095491
Item number SOC-
110 ## - MAIN ENTRY--CORPORATE NAME
Corporate name or jurisdiction name as entry element Social Policy and Development Centre
245 ## - TITLE STATEMENT
Title Social development in Pakistan
Remainder of title annaul review 2012-13
Statement of responsibility, etc Social Policy and Development Centre
260 ## - PUBLICATION, DISTRIBUTION, ETC. (IMPRINT)
Place of publication, distribution, etc Karachi,Pakistan:
Name of publisher, distributor, etc Social policy and development centre,
Date of publication, distribution, etc 2014
300 ## - PHYSICAL DESCRIPTION
Extent 235 p.
546 ## - LANGUAGE NOTE
Language note EN
942 ## - ADDED ENTRY ELEMENTS (KOHA)
Koha item type Permanently weeded out collection
Source of classification or shelving scheme Dewey Decimal Classification
Holdings
Withdrawn status Lost status Damaged status Not for loan Home library Current library Date acquired Total Checkouts Full call number Barcode Date last seen Price effective from Koha item type
        UMT Main Campus UMT Main Campus 2015-04-02   P 303.44095491 SOC- 87298 2015-04-04 2015-04-04 Books